Every NFL Team's all-time active leader in rushing yards - Statistics

General Stats
  • This quiz has been taken 56 times
    36 since last reset
  • The average score is 25 of 32
Answer Stats
Team Yards Team Yards Leader # Player % Correct
TEN 6,797 4th Derrick Henry
100%
GBP 4,163 5th Aaron Jones
97%
CLE 4,816 6th Nick Chubb
97%
MIN 4,820 5th Dalvin Cook
93%
DAL 7,386 3rd Ezekiel Elliott
93%
CIN 4,564 5th Joe Mixon
93%
DEN 903 39th Javonte Williams
90%
LVR 3,087 13th Josh Jacobs
90%
LAC 2,812 9th Austin Ekeler
86%
CAR 3,587 4th Christian McCaffrey
86%
IND 2,980 12th Jonathan Taylor
86%
BAL 3,673 3rd Lamar Jackson
86%
NEP 1,632 22nd Damien Harris
83%
DET 1,138 37th D'Andre Swift
83%
BUF 2,332 16th Devin Singletary
83%
TBB 1,179 15th Leonard Fournette
83%
PIT 1,200 31st Najee Harris
83%
NYG 2,937 12th Saquon Barkley
83%
CHI 2,808 13th David Montgomery
79%
NOS 6,267 1st Mark Ingram
76%
PHI 2,439 14th Miles Sanders
76%
SEA 3,502 8th Chris Carson
72%
JAX 1,837 7th James Robinson
69%
WAS 1,832 19th Antonio Gibson
62%
ATL 618 37th Cordarrelle Patterson
62%
KAN 1,320 28th Clyde Edwards-Helaire
59%
ARI 1,786 24th Kyler Murray
59%
LAR 1,459 29th Darrell Henderson
55%
NYJ 639 40th Michael Carter
55%
SFF 963 39th Eli Mitchell
48%
MIA 1,329 26th Myles Gaskin
48%
HOU 427 20th Rex Burkhead
48%
No matching quizzes found
Score Distribution
Percent of People with Each Score
Percentile by Number Answered
Your Score History
You have not taken this quiz since the last reset